000 00481nam a2200181Ia 4500
001 20210
005 20260306172749.0
008 260306t2008||||xx |||||||||||||| ||spa||
041 _aESP
082 _a343
_bE85
100 _aEspezúa Salmón, Boris
_eAUT
245 0 _aLa protección de la dignidad humana (principio y derecho constitucional exigible)
260 _c2008
300 _a218 páginas :
_c23 cm.
650 _aGEN
654 _aCDE
942 _cLIB
_dJUS
_fJUS
_2ddc
_n
999 _c20210
_d20210